[Event "Abu Dhabi op 12th"]
[Site "Abu Dhabi"]
[Date "2002.08.19"]
[Round "8"]
[White "Tissir, Mohamed"]
[Black "Ibrahim, Ismail"]
[Result "1-0"]
[WhiteElo "2376"]
[BlackElo "2042"]
[PlyCount "47"]
[EventDate "2002.08.12"]
[EventType "swiss"]
[EventRounds "9"]
[EventCountry "UAE"]
[SourceTitle "CBM 089 Extra"]
[Source "ChessBase"]
[SourceDate "2002.09.10"]
[SourceVersion "2"]
[SourceVersionDate "2002.09.10"]
[SourceQuality "1"]

1. e4 g6 2. d4 Bg7 3. Nc3 c6 4. Bc4 d6 5. Qf3 e6 6. Nge2 b5 7. Bb3 a5 8. a3 Ba6 9. d5 cxd5 10. exd5 e5 11. Ne4 h6 12. g4 Bc8 13. N2c3 Ba6 14. Bd2 Nf6 15. Rg1 a4 16. Ba2 Qe7 17. Nxf6+ Qxf6 18. Qxf6 Bxf6 19. Ne4 Be7 20. Bb4 Kd7 21. Kd2 f5 22. gxf5 gxf5 23. Nxd6 Bg5+ 24. Ke2 1-0

[Event "Abu Dhabi op 12th"]
[Site "Abu Dhabi"]
[Date "2002.08.18"]
[Round "7"]
[White "Ibrahim, Ismail"]
[Black "Al Huwar, Jasem"]
[Result "1/2-1/2"]
[WhiteElo "2042"]
[BlackElo "2259"]
[PlyCount "23"]
[EventDate "2002.08.12"]
[EventType "swiss"]
[EventRounds "9"]
[EventCountry "UAE"]
[SourceTitle "CBM 089 Extra"]
[Source "ChessBase"]
[SourceDate "2002.09.10"]
[SourceVersion "2"]
[SourceVersionDate "2002.09.10"]
[SourceQuality "1"]

1. e4 g6 2. d4 Bg7 3. Nc3 d6 4. Nf3 Nf6 5. Be2 0-0 6. h3 a6 7. a4 b6 8. 0-0 Bb7 9. e5 Ne8 10. Bf4 d5 11. Qd2 c5 12. a5 1/2-1/2

[Event "Abu Dhabi op 12th"]
[Site "Abu Dhabi"]
[Date "2002.08.14"]
[Round "3"]
[White "Nadir, Samir"]
[Black "Ibrahim, Ismail"]
[Result "1-0"]
[WhiteElo "2207"]
[BlackElo "2042"]
[PlyCount "77"]
[EventDate "2002.08.12"]
[EventType "swiss"]
[EventRounds "9"]
[EventCountry "UAE"]
[SourceTitle "CBM 089 Extra"]
[Source "ChessBase"]
[SourceDate "2002.09.10"]
[SourceVersion "2"]
[SourceVersionDate "2002.09.10"]
[SourceQuality "1"]

1. d4 Nf6 2. c4 g6 3. Nc3 Bg7 4. e4 0-0 5. e5 Ne8 6. Nf3 d6 7. Bf4 Nc6 8. h3 dxe5 9. dxe5 Bf5 10. g4 Be6 11. Be2 f6 12. exf6 exf6 13. Nd5 Qd7 14. Nxc7 Nxc7 15. Qxd7 Bxd7 16. Bxc7 f5 17. 0-0-0 fxg4 18. Rxd7 gxf3 19. Bd3 Nb4 20. Be4 Rae8 21. Re1 Rf7 22. Rxf7 Kxf7 23. Ba5 Nc6 24. Bd5+ Kf8 25. Rxe8+ Kxe8 26. Bxc6+ bxc6 27. b3 Bd4 28. Be1 h5 29. Kd2 g5 30. Kd3 g4 31. hxg4 h4 32. Ke4 Kf7 33. Kxf3 Kg6 34. Bd2 h3 35. Kg3 h2 36. Kxh2 Bxf2 37. Kg2 Bb6 38. Kf3 c5 39. Ke4 1-0